Basic tactics for listening Teacher's book

Wedi'i Gadw mewn:
Manylion Llyfryddiaeth
Prif Awdur: Aldcorn, Sue Brioux
Awduron Eraill: Gordon, Deborah, Harper, Andrew, Richard, Jack C.
Fformat: Llyfr
Iaith:English
Cyhoeddwyd: Oxford Oxford Univ. Press 2003
Rhifyn:Second edition
Pynciau:
Tagiau: Ychwanegu Tag
Dim Tagiau, Byddwch y cyntaf i dagio'r cofnod hwn!
Thư viện lưu trữ: Trung tâm Học liệu Lê Vũ Hùng, Trường Đại học Đồng Tháp
LEADER 00856pmm a22002418a 4500
001 00044168
005 20190422150434.0
008 111222s2003 ||||||engsd
020 # # |c 0 
041 0 # |a eng 
082 1 4 |a 428  |b B101T 
100 1 # |a Aldcorn, Sue Brioux 
245 1 0 |h Nguồn liệu điện tử  |a Basic tactics for listening  |b Teacher's book  |c Sue Brioux Aldcorn, Deborah Gordon, Andrew Harper,Jack C. Richards 
250 # # |a Second edition 
260 # # |a Oxford  |b Oxford Univ. Press  |c 2003 
300 # # |a 1 CD  |c 43/4 inch  |b ill.  |e sách 
650 # 4 |x Study and teaching  |a English language  |x Grammar  |x tiếng anh 
653 # # |a tiếng anh 
700 1 # |a Gordon, Deborah 
700 1 # |a Harper, Andrew 
700 1 # |a Richard, Jack C. 
852 # # |j DPT.0004182 
980 # # |a Trung tâm Học liệu Lê Vũ Hùng, Trường Đại học Đồng Tháp